Southville International School and Colleges
Your cart is empty.
  • Cart
  • Lists
    Public lists Eva Luna New books Lux_list list_1
    Your lists Log in to create your own lists
  • Log in to your account
  • Your cookies
  • Search history
Southville International School and Colleges
  • Advanced search
  • Recent comments
  • Most popular
  • Libraries

Log in to your account

Log in with GOOGLE


If you do not have an external account, but do have a local account, you can still log in:

  1. Home
  2. MARC view: Stories at bedtime /
Normal view MARC view ISBD view

Stories at bedtime / (Record no. 111878)

[ view plain ]
MARC details
000 -LEADER
fixed length control field 00674nam a2200193 a 4500
001 - CONTROL NUMBER
control field 2337
005 - DATE AND TIME OF LATEST TRANSACTION
control field 20140414131923.0
008 - FIXED-LENGTH DATA ELEMENTS--GENERAL INFORMATION
fixed length control field 010727s19uu xx 00 eng d
020 ## - INTERNATIONAL STANDARD BOOK NUMBER
International Standard Book Number 1-85830-075-4
050 ## - LIBRARY OF CONGRESS CALL NUMBER
Classification number ER
Item number St6 1993
100 ## - MAIN ENTRY--PERSONAL NAME
Personal name Johnston, Beryl
245 ## - TITLE STATEMENT
Title Stories at bedtime /
Statement of responsibility, etc written by Beryl Johnston ; illustrated by Dorothea King (Linden Artists).
260 ## - PUBLICATION, DISTRIBUTION, ETC. (IMPRINT)
Place of publication, distribution, etc London :
Name of publisher, distributor, etc Grandreams,
Date of publication, distribution, etc 1993.
300 ## - PHYSICAL DESCRIPTION
Extent 1v. (unp.) ; ill. : cm.
500 ## - GENERAL NOTE
General note Contents: The Spring Rainbow - Pipkin The Shy Pixie - Bigboots and the Midsummer Ball - Bushy Tail's Bedtime.
650 ## - SUBJECT ADDED ENTRY--TOPICAL TERM
Topical term or geographic name as entry element Collection of short stories.
650 ## - SUBJECT ADDED ENTRY--TOPICAL TERM
Topical term or geographic name as entry element Children's stories.
Holdings
Withdrawn status Lost status Damaged status Use restrictions Home library Current library Shelving location Date acquired Source of acquisition Total Checkouts Full call number Barcode Date last seen Price effective from Koha item type
        Munich Library Munich Library Easy Reading Section 05/26/2005     ER St6 1993 M2795 04/14/2014 04/14/2014 Books

Stories at bedtime /

APA

Johnston B., . (1993). Stories at bedtime. London: Grandreams.

Chicago

Johnston Beryl, . 1993. Stories at bedtime. London: Grandreams.

Harvard

Johnston B., . (1993). Stories at bedtime. London: Grandreams.

MLA

Johnston Beryl, . Stories at bedtime. London: Grandreams. 1993.

  • Place hold
  • Print
  • Cite
  • Add to your cart (remove)
  • Save record
    BIBTEX Dublin Core MARCXML MARC (non-Unicode/MARC-8) MARC (Unicode/UTF-8) MARC (Unicode/UTF-8, Standard) MODS (XML) RIS
  • More searches
    Search for this title in:
    Other Libraries (WorldCat) Other Databases (Google Scholar) Online Stores (Bookfinder.com) Open Library (openlibrary.org)

Exporting to Dublin Core...

SOUTHVILLE LIBRARY

Southville International School and Colleges Library

1281 Tropical Ave. Cor. Luxembourg St., BF Homes International, Las Pinas City

Tel. No. 8256374 / 252358 Loc. 117/146

Powered by Koha